Tenancy deposit protection (Record no. 104818)
[ view plain ]
| 000 -LEADER | |
|---|---|
| fixed length control field | 01330cam a2200217 4500 |
| 001 - CONTROL NUMBER | |
| control field | ##L131739 |
| 008 - FIXED-LENGTH DATA ELEMENTS--GENERAL INFORMATION | |
| fixed length control field | 051202n2005 000 0 eng u |
| 035 ## - SYSTEM CONTROL NUMBER | |
| System control number | (Sirsi) u131739 |
| 041 0# - LANGUAGE CODE | |
| Language code of text/sound track or separate title | eng |
| 050 04 - LIBRARY OF CONGRESS CALL NUMBER | |
| Classification number | 346.4104342 $2 18 |
| 110 1# - MAIN ENTRY--CORPORATE NAME | |
| Corporate name or jurisdiction name as entry element | United Kingdom |
| Subordinate unit | Office of the Deputy Prime Minister |
| 245 00 - TITLE STATEMENT | |
| Title | Tenancy deposit protection |
| Remainder of title | consultation on secondary legislation |
| 260 ## - PUBLICATION, DISTRIBUTION, ETC. | |
| Place of publication, distribution, etc. | London |
| Name of publisher, distributor, etc. | ODPM |
| Date of publication, distribution, etc. | 2005 |
| 520 ## - SUMMARY, ETC. | |
| Summary, etc. | One of a series of consultation papers on the implementation of provisions set out in the Housing Act 2004. The powers in the Act relating to tenancy deposit schemes require secondary legislation to be brought into force. Sets out how the powers in the primary legislation are intended to operate and how these will be implemented. Considers a number of practical issues to be considered prior to implementation which will be tackled through secondary legislation. Responses are required by 1 February 2006. |
| 590 ## - LOCAL NOTE (RLIN) | |
| Local note | IKA061205 |
| 650 24 - SUBJECT ADDED ENTRY--TOPICAL TERM | |
| Topical term or geographic name entry element | HOUSING ACT 2004 |
| 690 ## - LOCAL SUBJECT ADDED ENTRY--TOPICAL TERM (OCLC, RLIN) | |
| Topical term or geographic name as entry element | PROPERTY-RESIDENTIAL PROPERTY-RESIDENTIAL LANDLORD AND TENANT-RESIDENTIAL TENANCIES |
| 710 1# - ADDED ENTRY--CORPORATE NAME | |
| Corporate name or jurisdiction name as entry element | Wales |
| Subordinate unit | National Assembly for Wales |
| 9 (RLIN) | 4836 |
| 856 40 - ELECTRONIC LOCATION AND ACCESS | |
| Uniform Resource Identifier | <a href="https://www.communities.gov.uk/archived/publications/housing/tenancydepositprotection">https://www.communities.gov.uk/archived/publications/housing/tenancydepositprotection</a> |
| Public note | View the consultation free of charge at www.communities.gov.uk... |
| 942 ## - ADDED ENTRY ELEMENTS (KOHA) | |
| Suppress in OPAC | 0 |
| Withdrawn status | Lost status | Source of classification or shelving scheme | Damaged status | Not for loan | Home library | Current library | Shelving location | Date acquired | Total Checkouts | Full call number | Barcode | Date last seen | Copy number | Price effective from | Koha item type |
|---|---|---|---|---|---|---|---|---|---|---|---|---|---|---|---|
| Dewey Decimal Classification | Virtual | Virtual | Online | 02/12/2005 | ONLINE PUBLICATION | 131739-2001 | 06/08/2019 | 1 | 06/08/2019 | Book |